| 000 | 00670nam a22002177a 4500 | ||
|---|---|---|---|
| 999 |
_c12708 _d12708 |
||
| 003 | AR-CdUCM | ||
| 008 | 190410b ||||| |||| 00| 0 spa d | ||
| 040 |
_aMUNICIPALIDAD PROVINCIAL DEL CUSCO _cBIBLIOTECA MUNICIPAL DEL CUSCO |
||
| 082 |
_aEP / 398 / _bV47 |
||
| 100 |
_aVera, Eloy _930708 |
||
| 245 | _aÑawpa Yachaymanta / | ||
| 260 |
_aCusco : _bUNICEF, _c2008. |
||
| 300 |
_a15 paginas ; _bIlustraciones, graficos, dibujos, _c21 cm. |
||
| 500 | _aTextos educativos | ||
| 650 |
_aTexto educativo _925832 |
||
| 650 |
_aQuechua _92063 |
||
| 650 |
_aHistoria _9136 |
||
| 700 |
_aLeon Castro, Marianella _929211 |
||
| 942 |
_2ddc _cLIBROS |
||
| 945 |
_apjha _d2019-04-10 |
||